Najvýznamnejšie podniky Slovenska nezanedbávajú kariérový rozvoj zamestnancov
Výsledky prieskumu starostlivosti slovenských podnikov o rozvoj kariéry zamestnancov. Jednotlivé využívané formy rozvoja kariéry v podnikoch SR. Jednotlivé využívané formy rozvoja (vzdelávania) pracovníkov v podnikoch SR. Hodnotenie pracovníkov je novým fenoménom. Vo veľkých podnikoch prevláda organ...
Na minha lista:
| Autor principal: | |
|---|---|
| Formato: | Capítulo de Livro |
| Idioma: | eslovaco |
| Assuntos: | |
| Tags: |
Sem tags, seja o primeiro a adicionar uma tag!
|
MARC
| LEADER | 00000naa a2200000 4500 | ||
|---|---|---|---|
| 001 | r021394 | ||
| 005 | 20230921075204.4 | ||
| 041 | 0 | |a slo | |
| 044 | |a SK | ||
| 245 | 1 | 0 | |a Najvýznamnejšie podniky Slovenska nezanedbávajú kariérový rozvoj zamestnancov |c L. Benčíková |
| 520 | |a Výsledky prieskumu starostlivosti slovenských podnikov o rozvoj kariéry zamestnancov. Jednotlivé využívané formy rozvoja kariéry v podnikoch SR. Jednotlivé využívané formy rozvoja (vzdelávania) pracovníkov v podnikoch SR. Hodnotenie pracovníkov je novým fenoménom. Vo veľkých podnikoch prevláda organizačný model manažmentu kariéry. Uspokojivé výsledky v smerovaní práce s ľudskými zdrojmi v slovenských podnikoch. | ||
| 610 | 2 | 0 | |a Slovensko |
| 610 | 2 | 0 | |a prieskum trhu |
| 610 | 2 | 0 | |a podnik |
| 610 | 2 | 0 | |a kariéra |
| 610 | 2 | 0 | |a zamestnanci |
| 610 | 2 | 0 | |a zamestnávatelia |
| 610 | 2 | 0 | |a zdroje ľudské |
| 610 | 2 | 0 | |a manažment personálny |
| 610 | 2 | 0 | |a vzdelávanie mimoškolské |
| 610 | 2 | 0 | |a starostlivosť o pracovníkov |
| 100 | 1 | |a Benčíková, L. | |